| 000 | 00497 a2200169 4500 | ||
|---|---|---|---|
| 001 | 067908 | ||
| 003 | OSt | ||
| 005 | 20220111115157.0 | ||
| 008 | |||
| 082 |
_a194 _bL58D |
||
| 100 | 1 | _aLewis, Michael | |
| 245 | 1 |
_aDerrida and lacan _cby Michael Lewis |
|
| 260 |
_aEdinburgh _bEdinburgh University Press _c2008 |
||
| 300 | _a282p. | ||
| 653 | _aDerrida, Jacques; Lacan, Jacques, 1901-1981; Philosophy, French; Psychoanalysis; Deconstruction | ||
| 942 |
_2ddc _cBK |
||
| 999 |
_c1765 _d1765 |
||